| 000 | 004500000a22001810004500 | ||
|---|---|---|---|
| 003 | MACL | ||
| 005 | 20160123133738.0 | ||
| 008 | 160123b xxu||||| |||| 00| 0 eng d | ||
| 040 |
_aMACL _cMACL |
||
| 041 | _aEnglish | ||
| 082 | _a345.05/SAX | ||
| 100 |
_aSaxena, R N _927362 |
||
| 245 | _aThe Code of civil Procedure | ||
| 260 |
_bCentral Law Agency _c1999 _aAllahabad |
||
| 350 | _a90 | ||
| 650 |
_aCrimnal law _934293 |
||
| 942 |
_cBK _k345/Sax _2ddc |
||
| 999 |
_c32466 _d32466 |
||